[Event "Scarborough CC Ridout mem. Swiss"]
[Site "Toronto CAN"]
[Date "2022.11.10"]
[Round "6.3"]
[White "Wu, Benjamin"]
[Black "Grisar, Charles"]
[Result "1/2-1/2"]
[WhiteElo "1833"]
[BlackElo "1882"]
[PlyCount "80"]
[EventDate "2022.10.06"]
[EventType "swiss"]
[EventRounds "7"]
[EventCountry "CAN"]

1. e4 c6 2. d4 d5 3. Nc3 dxe4 4. Nxe4 Nf6 5. Nxf6+ exf6 6. Nf3 Bd6 7. Bc4 O-O
8. O-O Bg4 9. c3 Nd7 10. a4 a5 11. Re1 Qc7 12. h3 Bh5 13. g4 Bg6 14. Nh4 Rfe8
15. Nxg6 hxg6 16. Be3 g5 17. Qb3 Nf8 18. d5 c5 19. Bd3 Rac8 20. c4 Nd7 21. Bf5
Re7 22. Bxd7 Qxd7 23. Qb5 Qc7 24. Bd2 b6 25. Rxe7 Bxe7 26. Re1 Bd6 27. Bc3 Bh2+
28. Kg2 Be5 29. Re3 g6 30. Bxe5 fxe5 31. Rb3 Rb8 32. Qc6 Qb7 33. Kf3 f6 34. Ke4
Kf7 35. Qe6+ Kg7 36. f3 Qc7 37. Rb5 Qb7 38. Qc6 Kf7 39. Qe6+ Kg7 40. Ke3 Qc7
1/2-1/2

[Event "Scarborough CC Ridout mem. Swiss"]
[Site "Toronto CAN"]
[Date "2022.11.10"]
[Round "6.4"]
[White "Zhong, Ryan Yunhui"]
[Black "Laughlin, Braden"]
[Result "1-0"]
[WhiteElo "1673"]
[BlackElo "1964"]
[PlyCount "93"]
[EventDate "2022.10.06"]
[EventType "swiss"]
[EventRounds "7"]
[EventCountry "CAN"]

1. d4 d5 2. c4 c6 3. e3 Nf6 4. Nc3 e6 5. Nf3 Nbd7 6. Bd3 Bd6 7. O-O O-O 8. e4
dxe4 9. Nxe4 Nxe4 10. Bxe4 c5 11. d5 e5 12. Bg5 f6 13. Bh4 g6 14. Nd2 g5 15.
Bxh7+ Kxh7 16. Ne4 Nb6 17. Qh5+ Kg7 18. Bxg5 fxg5 19. Nxg5 Bf5 20. g4 Qf6 21.
gxf5 Rh8 22. Ne6+ Kg8 23. Qg6+ Qxg6+ 24. fxg6 Rh6 25. Kh1 Rxg6 26. Rg1 Kh7 27.
Rxg6 Kxg6 28. Rg1+ Kf5 29. b3 Rb8 30. Rg5+ Ke4 31. Rg3 a5 32. Re3+ Kf5 33. Rf3+
Kg6 34. Rg3+ Kf6 35. a4 e4 36. Rg4 Rh8 37. h4 Nd7 38. Kg2 Kf5 39. Rg5+ Kf6 40.
Rg4 Rh6 41. Kh3 e3 42. fxe3 Kf5 43. Ng7+ Ke5 44. Ne6 Nf6 45. Rf4 Rg6 46. Ng5
Rg7 47. Nf3# 1-0

[Event "Scarborough CC Ridout mem. Swiss"]
[Site "Toronto CAN"]
[Date "2022.11.10"]
[Round "6.5"]
[White "Huang, Richard"]
[Black "Jeyakumar, Bhavatharshan"]
[Result "1-0"]
[WhiteElo "1942"]
[BlackElo "1780"]
[PlyCount "85"]
[EventDate "2022.10.06"]
[EventType "swiss"]
[EventRounds "7"]
[EventCountry "CAN"]

1. Nf3 Nf6 2. g3 g6 3. Bg2 Bg7 4. O-O O-O 5. d4 d5 6. c4 c6 7. Nc3 Bf5 8. Nh4
Be6 9. Nf3 h6 10. Re1 Nbd7 11. cxd5 cxd5 12. Nd2 Nb6 13. Nb3 Qc8 14. Nc5 Bh3
15. a4 Bxg2 16. Kxg2 Nc4 17. Qb3 b6 18. Nd3 Qg4 19. Nf4 Rac8 20. h3 Qd7 21. Qb5
Qxb5 22. axb5 Rc7 23. Ncxd5 Nxd5 24. Nxd5 Rd7 25. e4 e6 26. Ne3 Rxd4 27. Rxa7
Rxe4 28. Rb7 Nxb2 29. Bxb2 Bxb2 30. Rxb6 Bd4 31. Rb7 Bxe3 32. Rxe3 Rb4 33. Ra3
Kg7 34. Raa7 g5 35. Kf3 Kg6 36. b6 f5 37. Rg7+ Kf6 38. b7 Rb8 39. Rd7 Rb3+ 40.
Ke2 h5 41. Kd2 g4 42. h4 e5 43. Ra6+ 1-0

[Event "Scarborough CC Ridout mem. Swiss"]
[Site "Toronto CAN"]
[Date "2022.11.10"]
[Round "6.6"]
[White "Jacobs, Michael"]
[Black "Mendoza, Armand Jess"]
[Result "1-0"]
[WhiteElo "2032"]
[BlackElo "1903"]
[PlyCount "55"]
[EventDate "2022.10.06"]
[EventType "swiss"]
[EventRounds "7"]
[EventCountry "CAN"]

1. e4 c5 2. Na3 d6 3. Nf3 Nc6 4. Bb5 Bd7 5. d4 cxd4 6. Nxd4 Nf6 7. O-O g6 8.
Bxc6 bxc6 9. Nc4 Nxe4 10. Re1 d5 11. Ne5 Bg7 12. Nexc6 Bxc6 13. Nxc6 Qb6 14.
Nxe7 Qxf2+ 15. Kh1 Kxe7 16. Bg5+ Ke6 17. c4 Qf5 18. cxd5+ Qxd5 19. Qa4 f5 20.
Rad1 Qb7 21. Qc4+ Ke5 22. Rxe4+ fxe4 23. Qc5+ Ke6 24. Qd6+ Kf7 25. Rf1+ Bf6 26.
Qxf6+ Kg8 27. Qe6+ Kg7 28. Bf6+ 1-0

[Event "Scarborough CC Spring-Summer Swiss"]
[Site "Toronto CAN"]
[Date "2022.04.07"]
[Round "1.1"]
[White "Huang, Youhe"]
[Black "Pedersen, Rune"]
[Result "1-0"]
[WhiteElo "2203"]
[BlackElo "2200"]
[PlyCount "35"]
[EventDate "2022.04.07"]
[EventType "swiss"]
[EventRounds "6"]
[EventCountry "CAN"]

1. e4 c5 2. Nf3 Nc6 3. Bb5 g6 4. O-O Bg7 5. c3 Qb6 6. Na3 a6 7. Ba4 Nf6 8. e5
Nd5 9. Bb3 Nc7 10. d4 Na5 11. Be3 Nxb3 12. axb3 cxd4 13. Nc4 Qc5 14. Bxd4 Qc6
15. Nb6 Rb8 16. Ra4 Nb5 17. Rc4 Nxd4 18. Qxd4 1-0

[Event "Scarborough CC Spring-Summer Swiss"]
[Site "Toronto CAN"]
[Date "2022.04.07"]
[Round "1.2"]
[White "Southam, David"]
[Black "Jeyakumar, Bhavatharshan"]
[Result "1-0"]
[WhiteElo "2117"]
[BlackElo "1808"]
[PlyCount "85"]
[EventDate "2022.04.07"]
[EventType "swiss"]
[EventRounds "6"]
[EventCountry "CAN"]

1. d4 Nf6 2. c4 e5 3. dxe5 Ng4 4. e3 Nxe5 5. Nh3 Nbc6 6. Nf4 Bb4+ 7. Nd2 d6 8.
Be2 a5 9. O-O O-O 10. a3 Bc5 11. Ne4 Ba7 12. b3 Bf5 13. Ng3 Bd7 14. Bb2 Ne7 15.
Kh1 Nf5 16. e4 Nxg3+ 17. hxg3 Bc6 18. Nd5 f5 19. f4 Ng6 20. exf5 Rxf5 21. Bg4
Rf8 22. Be6+ Kh8 23. Qg4 Bxd5 24. Bxd5 Bc5 25. Rae1 Re8 26. Bf7 Rxe1 27. Rxe1
Qf8 28. Bxg6 hxg6 29. Qxg6 Qg8 30. Re7 Qh7+ 31. Qxh7+ Kxh7 32. Rxg7+ Kh6 33.
Rxc7 Rg8 34. Rxb7 Rxg3 35. Bf6 Bxa3 36. Kh2 Rd3 37. g3 Bb4 38. Kh3 Kg6 39. Bh4
d5 40. Kg4 Rd4 41. cxd5 Bd2 42. Bg5 Be3 43. d6 1-0

[Event "Scarborough CC Spring-Summer Swiss"]
[Site "Toronto CAN"]
[Date "2022.04.07"]
[Round "1.3"]
[White "Smolkin, Ben"]
[Black "Hay, Jonathan"]
[Result "0-1"]
[WhiteElo "1825"]
[BlackElo "2034"]
[PlyCount "38"]
[EventDate "2022.04.07"]
[EventType "swiss"]
[EventRounds "6"]
[EventCountry "CAN"]

1. e4 c6 2. Nf3 d5 3. exd5 cxd5 4. d4 Nc6 5. Nc3 Nf6 6. Bd3 Bg4 7. Be3 e6 8. h3
Bh5 9. Qe2 Bb4 10. g4 Bg6 11. Ne5 Qa5 12. Kd2 Rc8 13. Nxc6 Rxc6 14. Bb5 Bxc3+
15. Kd1 Bxb2 16. Bxc6+ bxc6 17. Rb1 Qxa2 18. Rxb2 Qxb2 19. Re1 Ne4 0-1

[Event "Scarborough CC Spring-Summer Swiss"]
[Site "Toronto CAN"]
[Date "2022.04.07"]
[Round "1.4"]
[White "Chamberland, Luc"]
[Black "Jacobs, Michael"]
[Result "0-1"]
[WhiteElo "1775"]
[BlackElo "1755"]
[PlyCount "71"]
[EventDate "2022.04.07"]
[EventType "swiss"]
[EventRounds "6"]
[EventCountry "CAN"]

1. e4 c6 2. d4 d5 3. exd5 cxd5 4. Bd3 Nc6 5. c3 e5 6. dxe5 Nxe5 7. Qe2 Qe7 8.
Bb5+ Nc6 9. Bf4 Nf6 10. Nd2 Bg4 11. f3 Bf5 12. Bg5 O-O-O 13. O-O-O d4 14. Qxe7
Bxe7 15. Bxc6 dxc3 16. Nc4 Rxd1+ 17. Kxd1 Rd8+ 18. Kc1 bxc6 19. bxc3 Bd3 20.
Nb2 Bf1 21. Nh3 Bxg2 22. Re1 Bd6 23. Ng1 Bxh2 24. Re2 Bxg1 25. Rxg2 Bc5 26.
Bxf6 gxf6 27. Rg7 Rh8 28. Kd2 Bd6 29. Rxf7 h5 30. Nd3 Rh6 31. Nf2 h4 32. Nh3
Rg6 33. Rh7 Rg2+ 34. Ke3 Bg3 35. Rxa7 Bh2 36. Nf4 0-1

[Event "Scarborough CC Spring-Summer Swiss"]
[Site "Toronto CAN"]
[Date "2022.04.07"]
[Round "1.5"]
[White "Lawless, David"]
[Black "Granic, Luka"]
[Result "0-1"]
[WhiteElo "2047"]
[BlackElo "1511"]
[PlyCount "94"]
[EventDate "2022.04.07"]
[EventType "swiss"]
[EventRounds "6"]
[EventCountry "CAN"]

1. e4 e5 2. Nf3 Nc6 3. Bb5 a6 4. Ba4 Nf6 5. d3 b5 6. Bb3 h6 7. c3 Be7 8. Nbd2
O-O 9. Nf1 d5 10. Qe2 dxe4 11. dxe4 Bc5 12. Ng3 Re8 13. O-O Na5 14. Bc2 Nc4 15.
b3 Nd6 16. h3 Bb7 17. Re1 Qe7 18. Nh4 Bc8 19. Qf3 Ng4 20. hxg4 Qxh4 21. Nf5
Bxf5 22. gxf5 Qf6 23. g4 g5 24. Kg2 b4 25. c4 Nc8 26. Bd2 Na7 27. Rh1 Nc6 28.
Qh3 Kg7 29. Be3 Nd4 30. Bxd4 Bxd4 31. Rad1 Qb6 32. Qf3 Rad8 33. Bd3 Rd6 34. c5
Qxc5 35. Bc4 Red8 36. Rd3 a5 37. Qh3 Bxf2 38. Qh5 Rf8 39. Rf3 Bh4 40. f6+ Rxf6
41. Rxf6 Kxf6 42. Qxh6+ Ke7 43. Rxh4 gxh4 44. Qxh4+ Ke8 45. Qf6 Kd7 46. Qf5+
Kd8 47. Bxf7 Qe7 0-1

[Event "Scarborough CC Spring-Summer Swiss"]
[Site "Toronto CAN"]
[Date "2022.04.14"]
[Round "2.1"]
[White "Hay, Jonathan"]
[Black "Southam, David"]
[Result "1/2-1/2"]
[WhiteElo "2034"]
[BlackElo "2017"]
[PlyCount "79"]
[EventDate "2022.04.07"]
[EventType "swiss"]
[EventRounds "6"]
[EventCountry "CAN"]

1. d4 e6 2. Bf4 Nf6 3. e3 d5 4. Nd2 Bd6 5. Bg3 c5 6. Ngf3 Qc7 7. Bxd6 Qxd6 8.
Ne5 O-O 9. c3 b6 10. f4 Ba6 11. Bxa6 Nxa6 12. O-O Nc7 13. Rf3 Rfd8 14. Rh3 Qf8
15. Qf3 g6 16. g4 Qg7 17. Kf2 Nd7 18. g5 Nf8 19. Rg3 Ne8 20. h4 Nd6 21. Rh1
cxd4 22. exd4 Nd7 23. h5 Nxe5 24. fxe5 Nf5 25. Rgh3 Rd7 26. Nf1 Kf8 27. Nh2 Ke7
28. Ng4 Rc7 29. Qf4 Kd7 30. hxg6 Qxg6 31. Rxh7 Kc6 32. Nf6 Kb7 33. Kf3 Rac8 34.
Rh8 b5 35. Rxc8 Rxc8 36. Kg4 a5 37. Nd7 Rg8 38. Nf6 Rc8 39. Nd7 Rg8 40. Nf6
1/2-1/2

[Event "Scarborough CC Spring-Summer Swiss"]
[Site "Toronto CAN"]
[Date "2022.04.14"]
[Round "2.2"]
[White "Jacobs, Michael"]
[Black "Wu, Benjamin"]
[Result "1-0"]
[WhiteElo "1755"]
[BlackElo "1849"]
[PlyCount "69"]
[EventDate "2022.04.07"]
[EventType "swiss"]
[EventRounds "6"]
[EventCountry "CAN"]

1. e4 e6 2. d4 d5 3. exd5 exd5 4. c4 c6 5. Nc3 Nf6 6. Bd3 Be7 7. h3 O-O 8. Nf3
dxc4 9. Bxc4 b5 10. Bb3 a6 11. O-O c5 12. dxc5 Bxc5 13. Bxf7+ Kxf7 14. Qb3+ Ke8
15. Re1+ Be7 16. Bg5 Nc6 17. Rad1 Bd7 18. Ne4 Nxe4 19. Rxe4 Ra7 20. Nd4 Qb8 21.
Rde1 Qd8 22. Rxe7+ Nxe7 23. Rxe7+ Qxe7 24. Bxe7 Kxe7 25. Nc6+ Bxc6 26. Qe3+ Kd6
27. Qxa7 Rg8 28. Qxa6 Kc7 29. Qa7+ Kd6 30. Qd4+ Kc7 31. Qf4+ Kb6 32. a3 Bd5 33.
Qd6+ Bc6 34. f4 Rc8 35. Qd4+ 1-0

[Event "Scarborough CC Spring-Summer Swiss"]
[Site "Toronto CAN"]
[Date "2022.04.14"]
[Round "2.4"]
[White "Smolkin, Ben"]
[Black "Lawless, David"]
[Result "0-1"]
[WhiteElo "1825"]
[BlackElo "2047"]
[PlyCount "63"]
[EventDate "2022.04.07"]
[EventType "swiss"]
[EventRounds "6"]
[EventCountry "CAN"]

1. e4 e5 2. Nf3 Nc6 3. Bc4 Bc5 4. c3 Nf6 5. d4 exd4 6. e5 Ne4 7. O-O O-O 8.
cxd4 d5 9. exd6 Bxd6 10. Re1 Bf5 11. Bd3 Re8 12. Ng5 Bxh2+ 13. Kxh2 Nxf2 14.
Qh5 Ng4+ 15. Kg3 Bxd3 16. Qxf7+ Kh8 17. Qb3 Bg6 18. Ne6 Qe7 19. d5 Nce5 20. Bf4
Nd3 21. Rf1 Nxf4 22. Rxf4 Nf6 23. Nc3 Nh5+ 24. Kh2 Nxf4 25. Nxf4 Qd6 26. g3 Bf5
27. Rf1 c6 28. Qxb7 cxd5 29. Nfxd5 Rab8 30. Qxa7 Rxb2+ 31. Rf2 Qh6+ 32. Kg1 0-1

[Event "Scarborough CC Spring-Summer Swiss"]
[Site "Toronto CAN"]
[Date "2022.04.14"]
[Round "2.5"]
[White "Jeyakumar, Bhavatharshan"]
[Black "Chamberland, Luc"]
[Result "1/2-1/2"]
[WhiteElo "1808"]
[BlackElo "1775"]
[PlyCount "96"]
[EventDate "2022.04.07"]
[EventType "swiss"]
[EventRounds "6"]
[EventCountry "CAN"]

1. e4 e6 2. d4 d5 3. Nd2 c5 4. exd5 Qxd5 5. dxc5 Nf6 6. Ngf3 Bxc5 7. Bc4 Qd8 8.
O-O O-O 9. h3 a6 10. a4 Nc6 11. Nb3 Ba7 12. Bg5 Qxd1 13. Rfxd1 Ne4 14. Bh4 h6
15. Bd3 Nc5 16. Nxc5 Bxc5 17. c3 g5 18. Bg3 f6 19. b4 Be7 20. b5 Nd8 21. Bc4
Kg7 22. Bd6 Bxd6 23. Rxd6 Nf7 24. Rb6 e5 25. Bd5 axb5 26. Rxb5 Ra7 27. a5 Nd8
28. Rab1 Bd7 29. Rb6 Rxa5 30. Bxb7 Nxb7 31. Rxb7 Rf7 32. Nd2 Rc5 33. Ne4 Rc6
34. Rd1 Bf5 35. Rxf7+ Kxf7 36. Nd6+ Kg6 37. g4 Bc2 38. Rd2 Bb3 39. Ne4 f5 40.
Ng3 Be6 41. gxf5+ Bxf5 42. Nxf5 Kxf5 43. Rd3 Kf4 44. Kg2 e4 45. Rg3 h5 46. Kf1
g4 47. hxg4 hxg4 48. Kg2 Rg6 1/2-1/2

[Event "Scarborough CC Spring-Summer Swiss"]
[Site "Toronto CAN"]
[Date "2022.04.21"]
[Round "3.1"]
[White "Southam, David"]
[Black "Huang, Youhe"]
[Result "1-0"]
[WhiteElo "2117"]
[BlackElo "2203"]
[PlyCount "93"]
[EventDate "2022.04.07"]
[EventType "swiss"]
[EventRounds "6"]
[EventCountry "CAN"]

1. d4 d6 2. c4 e5 3. Nf3 e4 4. Ng5 f5 5. g3 Be7 6. Nh3 Nf6 7. Bg2 O-O 8. Nc3 c5
9. d5 Nbd7 10. O-O Ne5 11. b3 Ne8 12. f3 exf3 13. exf3 Bf6 14. Qc2 a6 15. a4
Rb8 16. Bd2 b6 17. Nf2 Nc7 18. Rae1 b5 19. f4 Nd7 20. Ncd1 g6 21. Bc3 bxa4 22.
bxa4 Bd4 23. Kh1 Qf6 24. Nd3 Bxc3 25. Nxc3 h5 26. h4 Nb6 27. Ne2 a5 28. Rb1 Ba6
29. Nb2 Rbe8 30. Qd3 Re7 31. Nc3 Rfe8 32. Rf3 Re4 33. Nxe4 fxe4 34. Qc3 Qf5 35.
Re3 Nxc4 36. Nxc4 Nxd5 37. Qb3 Kh7 38. Nxd6 c4 39. Nxf5 cxb3 40. Nd6 Rd8 41.
Nf7 Rd7 42. Ng5+ Kh6 43. Rxe4 Nc3 44. Rxb3 Rd1+ 45. Kh2 Nxe4 46. Bxe4 Rd2+ 47.
Kg1 1-0

[Event "Scarborough CC Spring-Summer Swiss"]
[Site "Toronto CAN"]
[Date "2022.04.21"]
[Round "3.2"]
[White "Yang, Larry"]
[Black "Hay, Jonathan"]
[Result "1/2-1/2"]
[WhiteElo "1715"]
[BlackElo "2034"]
[PlyCount "92"]
[EventDate "2022.04.07"]
[EventType "swiss"]
[EventRounds "6"]
[EventCountry "CAN"]

1. e4 c6 2. d4 d5 3. e5 c5 4. dxc5 e6 5. a3 Nc6 6. Nf3 Bxc5 7. c4 Nge7 8. Nc3
O-O 9. Bd3 Ng6 10. Bxg6 fxg6 11. cxd5 exd5 12. Qxd5+ Qxd5 13. Nxd5 Bg4 14. b4
Bxf3 15. gxf3 Bd4 16. Ra2 Nxe5 17. f4 Nd3+ 18. Ke2 Nxf2 19. Rf1 Rae8+ 20. Kf3
Nd3 21. Rd2 Nxc1 22. Rxd4 Ne2 23. Rd2 Nxf4 24. Nxf4 g5 25. Kg4 gxf4 26. Rxf4
Rxf4+ 27. Kxf4 Kf7 28. Rd7+ Re7 29. Rd8 Kg6 30. a4 Rc7 31. Rd4 Rc2 32. Kg3 Rc3+
33. Kg2 Ra3 34. a5 Rb3 35. a6 bxa6 36. Rd6+ Kg5 37. Rxa6 Rxb4 38. Rxa7 Kh6 39.
Kg3 Kg6 40. h4 Rb3+ 41. Kg4 h5+ 42. Kf4 Rb4+ 43. Kg3 Rg4+ 44. Kh3 Kh6 45. Ra6+
g6 46. Ra7 Rb4 1/2-1/2

[Event "Scarborough CC Spring-Summer Swiss"]
[Site "Toronto CAN"]
[Date "2022.04.21"]
[Round "3.3"]
[White "Lawless, David"]
[Black "Jeyakumar, Bhavatharshan"]
[Result "0-1"]
[WhiteElo "2047"]
[BlackElo "1808"]
[PlyCount "64"]
[EventDate "2022.04.07"]
[EventType "swiss"]
[EventRounds "6"]
[EventCountry "CAN"]

1. e4 c5 2. Nc3 a6 3. g3 b5 4. Bg2 Bb7 5. d3 e6 6. Nge2 d5 7. O-O d4 8. Nb1 e5
9. f4 f6 10. c3 Nc6 11. g4 Nge7 12. g5 fxg5 13. fxg5 Ng6 14. Ng3 Be7 15. Nf5
O-O 16. h4 dxc3 17. bxc3 Bc8 18. Be3 Be6 19. Qg4 Qd7 20. h5 Nf4 21. Bxf4 exf4
22. Bh3 Bxf5 23. exf5 Qxd3 24. f6 Qe3+ 25. Kh1 Bd6 26. fxg7 Rf7 27. Qe6 Re8 28.
Qg4 Ne5 29. Qh4 Nf3 30. Qg4 Nxg5 31. Qxg5 Qxh3+ 32. Kg1 Rxg7 0-1

[Event "Scarborough CC Spring-Summer Swiss"]
[Site "Toronto CAN"]
[Date "2022.04.21"]
[Round "3.4"]
[White "Wu, Benjamin"]
[Black "Chamberland, Luc"]
[Result "1-0"]
[WhiteElo "1849"]
[BlackElo "1775"]
[PlyCount "65"]
[EventDate "2022.04.07"]
[EventType "swiss"]
[EventRounds "6"]
[EventCountry "CAN"]

1. d4 Nf6 2. e3 g6 3. Bd3 d5 4. Nd2 Bg7 5. Ngf3 O-O 6. O-O Nbd7 7. c3 c6 8. Re1
Qc7 9. e4 dxe4 10. Nxe4 Nxe4 11. Bxe4 Nf6 12. Bg5 Nxe4 13. Rxe4 e6 14. Qb3 Qb6
15. Nd2 Qxb3 16. axb3 Re8 17. Nc4 f6 18. Bf4 e5 19. dxe5 Bf5 20. Ree1 fxe5 21.
Bxe5 Bxe5 22. Rxe5 Rxe5 23. Nxe5 Re8 24. f4 a6 25. Rd1 g5 26. g3 gxf4 27. gxf4
Re7 28. h4 Be6 29. Kf2 Kg7 30. Rd8 Bf5 31. Ke3 Kf6 32. Rd6+ Be6 33. Ke4 1-0

[Event "Scarborough CC Spring-Summer Swiss"]
[Site "Toronto CAN"]
[Date "2022.04.21"]
[Round "3.5"]
[White "Huang, Richard"]
[Black "Gao, Raymond"]
[Result "0-1"]
[WhiteElo "1974"]
[BlackElo "2048"]
[PlyCount "54"]
[EventDate "2022.04.07"]
[EventType "swiss"]
[EventRounds "6"]
[EventCountry "CAN"]

1. c4 e5 2. g3 c6 3. Bg2 d5 4. cxd5 cxd5 5. d4 e4 6. Nc3 Nc6 7. a3 Be6 8. e3 h5
9. Nge2 g5 10. f4 h4 11. Qb3 gxf4 12. Nxf4 hxg3 13. hxg3 Rxh1+ 14. Bxh1 Qd7 15.
Ncxd5 Bd6 16. Bxe4 Bxf4 17. gxf4 O-O-O 18. Nb6+ axb6 19. Qxb6 Nf6 20. Bxc6 Qxc6
21. Qxc6+ bxc6 22. b4 Rh8 23. Bb2 Rh2 24. d5 Nxd5 25. Bd4 Nxe3 26. Rc1 Nc2+ 27.
Rxc2 Rxc2 0-1

[Event "Scarborough CC Spring-Summer Swiss"]
[Site "Toronto CAN"]
[Date "2022.04.28"]
[Round "4.1"]
[White "Jacobs, Michael"]
[Black "Southam, David"]
[Result "1/2-1/2"]
[WhiteElo "1755"]
[BlackElo "2117"]
[PlyCount "89"]
[EventDate "2022.04.07"]
[EventType "swiss"]
[EventRounds "6"]
[EventCountry "CAN"]

1. e4 e6 2. d4 d5 3. exd5 exd5 4. c4 Bb4+ 5. Nc3 Ne7 6. Bd3 Be6 7. c5 Nbc6 8.
a3 Bxc3+ 9. bxc3 b6 10. cxb6 cxb6 11. Bg5 f6 12. Bf4 Bf5 13. Ne2 O-O 14. h4 Qd7
15. Ng3 Bxd3 16. Qxd3 Rfe8 17. Be3 Na5 18. O-O Qg4 19. h5 Nc4 20. Rae1 f5 21.
Bc1 f4 22. Ne2 g5 23. hxg6 Nxg6 24. f3 Qg5 25. Kh2 Ne3 26. Bxe3 Rxe3 27. Qd2
Rae8 28. Rf2 Nh4 29. Ref1 R8e6 30. Ng1 Nf5 31. Nh3 Qh4 32. Qa2 Rd6 33. Qb1 Qg3+
34. Kh1 Qg6 35. Kh2 Rd7 36. Nxf4 Qg3+ 37. Kg1 Qxf4 38. g4 Nh4 39. Qb5 Qg3+ 40.
Kh1 Rd6 41. Qa6 Rh6 42. Qc8+ Kg7 43. Qd7+ Kf8 44. Rh2 Rxf3 45. Qd8+ 1/2-1/2

[Event "Scarborough CC Spring-Summer Swiss"]
[Site "Toronto CAN"]
[Date "2022.04.28"]
[Round "4.2"]
[White "Gao, Raymond"]
[Black "Yang, Larry"]
[Result "1/2-1/2"]
[WhiteElo "2048"]
[BlackElo "1715"]
[PlyCount "128"]
[EventDate "2022.04.07"]
[EventType "swiss"]
[EventRounds "6"]
[EventCountry "CAN"]

1. e4 e5 2. Nf3 Nc6 3. d4 exd4 4. Bc4 Nf6 5. e5 d5 6. Bb5 Ne4 7. Nxd4 Bd7 8.
Bxc6 bxc6 9. O-O Bc5 10. f3 Ng5 11. Be3 O-O 12. f4 Ne4 13. Nd2 Nxd2 14. Qxd2
Bb6 15. Nb3 Bf5 16. Rae1 Qe7 17. Qc3 Rad8 18. Nd4 Qd7 19. b4 Bxd4 20. Bxd4 Ra8
21. Rf3 Qe6 22. Qc5 Rfb8 23. a4 Be4 24. Rc3 h6 25. h3 Qg6 26. Re2 a5 27. bxa5
Rb1+ 28. Kh2 Rf1 29. Qxc6 Qxc6 30. Rxc6 Rxa5 31. Kg3 Rxa4 32. c3 Bd3 33. Rb2
Rc4 34. Rb8+ Kh7 35. Rxc4 dxc4 36. Rc8 Bf5 37. Rxc7 Be6 38. Bf2 Rc1 39. Bd4 Rf1
40. Ra7 Kg6 41. Be3 Kf5 42. Ra2 Ke4 43. Rf2 Re1 44. Bd4 g6 45. Kh2 Bd5 46. f5
gxf5 47. Kg3 Kd3 48. Rxf5 Re2 49. Rf2 Rxf2 50. Kxf2 Ke4 51. g4 Kf4 52. Be3+
Kxe5 53. Bxh6 Kf6 54. Kg3 Kg6 55. Be3 f5 56. g5 Be4 57. Kf4 Bd3 58. Bc1 Bf1 59.
h4 Be2 60. Ke3 Bd3 61. Kd4 Kh5 62. Ke5 Kg6 63. h5+ Kxh5 64. Kf6 f4 1/2-1/2

[Event "Scarborough CC Spring-Summer Swiss"]
[Site "Toronto CAN"]
[Date "2022.04.28"]
[Round "4.3"]
[White "Hay, Jonathan"]
[Black "Huang, Youhe"]
[Result "0-1"]
[WhiteElo "2034"]
[BlackElo "2203"]
[PlyCount "96"]
[EventDate "2022.04.07"]
[EventType "swiss"]
[EventRounds "6"]
[EventCountry "CAN"]

1. d4 d6 2. Bf4 Nf6 3. Nc3 Nbd7 4. Nf3 c5 5. d5 b5 6. Nxb5 Qa5+ 7. Nc3 Rb8 8.
Bd2 Rxb2 9. e4 g6 10. Be2 Bg7 11. O-O O-O 12. Qc1 Rb8 13. Re1 Ba6 14. Bxa6 Qxa6
15. Bh6 Qc4 16. Bxg7 Kxg7 17. Re3 Ng4 18. Rd3 Qb4 19. Nd2 Nde5 20. Rh3 Qb2 21.
Qd1 Qb4 22. Nb3 h5 23. Rg3 f5 24. f4 Nc4 25. Qe2 Rbe8 26. h3 h4 27. Rd3 Nh6 28.
e5 Nf7 29. e6 Nh6 30. Qe1 Na3 31. Rf3 a5 32. Nb1 a4 33. Nxa3 Qxa3 34. Nd2 Qb2
35. Rb1 Qxa2 36. c4 Rb8 37. Rxb8 Rxb8 38. Qxh4 Ng8 39. Nf1 Qxc4 40. Ne3 Qd4 41.
Kh2 Qf6 42. Qe1 Ra8 43. g4 a3 44. gxf5 a2 45. Nc2 Qb2 46. Rf2 a1=Q 47. Nxa1
Rxa1 48. Qe3 Ra3 0-1

[Event "Scarborough CC Spring-Summer Swiss"]
[Site "Toronto CAN"]
[Date "2022.04.28"]
[Round "4.4"]
[White "Jeyakumar, Bhavatharshan"]
[Black "Wu, Benjamin"]
[Result "1-0"]
[WhiteElo "1808"]
[BlackElo "1849"]
[PlyCount "83"]
[EventDate "2022.04.07"]
[EventType "swiss"]
[EventRounds "6"]
[EventCountry "CAN"]

1. e4 e5 2. Nf3 Nc6 3. Bb5 a6 4. Ba4 Nf6 5. O-O Be7 6. Re1 b5 7. Bb3 d6 8. c3
O-O 9. h3 Nd7 10. d4 exd4 11. cxd4 Bb7 12. Nbd2 Bf6 13. Nf1 Na5 14. Bc2 Re8 15.
Ng3 g6 16. Bf4 Re6 17. a4 c5 18. Rb1 Nb6 19. axb5 axb5 20. d5 Re8 21. b3 b4 22.
Qc1 Qd7 23. h4 Nc8 24. h5 Na7 25. Bd3 Rad8 26. Bg5 Qe7 27. Qf4 Bxg5 28. Nxg5
Nc8 29. Bc4 Nxc4 30. bxc4 Nb6 31. e5 h6 32. N5e4 g5 33. Nf6+ Kf8 34. Qf5 dxe5
35. Nge4 Qc7 36. Qh7 Nxc4 37. Qxh6+ Ke7 38. Nxe8 Rxe8 39. d6+ Nxd6 40. Qf6+ Kd7
41. Nxd6 Qxd6 42. Rbd1 1-0

[Event "Scarborough CC Spring-Summer Swiss"]
[Site "Toronto CAN"]
[Date "2022.04.28"]
[Round "4.5"]
[White "Pedersen, Rune"]
[Black "Lawless, David"]
[Result "1-0"]
[WhiteElo "2200"]
[BlackElo "2047"]
[PlyCount "37"]
[EventDate "2022.04.07"]
[EventType "swiss"]
[EventRounds "6"]
[EventCountry "CAN"]

1. e4 e5 2. Nf3 Nc6 3. Nc3 Nf6 4. g3 Bc5 5. Bg2 O-O 6. O-O h6 7. Nxe5 Nxe5 8.
d4 Bxd4 9. Qxd4 Nc6 10. Qd3 Re8 11. b3 Nb4 12. Qd2 d6 13. Bb2 Qe7 14. Rfe1 Bg4
15. a3 Nc6 16. Nd5 Qd8 17. Bxf6 gxf6 18. Qf4 Ne5 19. Nxf6+ 1-0

[Event "Scarborough CC Spring-Summer Swiss"]
[Site "Toronto CAN"]
[Date "2022.04.28"]
[Round "4.6"]
[White "Huang, Richard"]
[Black "Smolkin, Ben"]
[Result "1/2-1/2"]
[WhiteElo "1974"]
[BlackElo "1825"]
[PlyCount "57"]
[EventDate "2022.04.07"]
[EventType "swiss"]
[EventRounds "6"]
[EventCountry "CAN"]

1. e4 e5 2. Nf3 Nc6 3. d4 exd4 4. Bc4 Nf6 5. e5 d5 6. Bb5 Ne4 7. Nxd4 Bc5 8.
O-O Bd7 9. Bxc6 Bxc6 10. Be3 Bxd4 11. Qxd4 O-O 12. Nc3 f6 13. Nxe4 dxe4 14.
Rad1 Qe8 15. Qc4+ Kh8 16. exf6 Rxf6 17. Qd4 Qh5 18. Qc5 Qf7 19. b3 Rf8 20. Rd2
b6 21. Qc4 Qh5 22. Rfd1 h6 23. Rd8 Kh7 24. h3 Rg6 25. Kh2 b5 26. Qd4 Rxd8 27.
Qxd8 Qe5+ 28. Kh1 a5 29. Rd4 1/2-1/2

[Event "Scarborough CC Spring-Summer Swiss"]
[Site "Toronto CAN"]
[Date "2022.05.05"]
[Round "5.1"]
[White "Southam, David"]
[Black "Gao, Raymond"]
[Result "0-1"]
[WhiteElo "2017"]
[BlackElo "2048"]
[PlyCount "90"]
[EventDate "2022.04.07"]
[EventType "swiss"]
[EventRounds "6"]
[EventCountry "CAN"]

1. d4 Nf6 2. c4 c5 3. d5 b5 4. cxb5 a6 5. bxa6 g6 6. Nc3 Bxa6 7. e4 Bxf1 8.
Kxf1 d6 9. Nge2 Bg7 10. h3 O-O 11. Kg1 Nbd7 12. Kh2 Qa5 13. Qc2 Rfb8 14. Rd1
Nb6 15. Rb1 Nc4 16. a4 Qb4 17. f3 Qb3 18. Qd3 Nd7 19. f4 Ndb6 20. e5 dxe5 21.
f5 Nxa4 22. fxg6 hxg6 23. Nxa4 Rxa4 24. Nc3 Rab4 25. Ne4 Qxd3 26. Rxd3 Nxb2 27.
Rxb2 Rxb2 28. Bxb2 Rxb2 29. Nxc5 Bh6 30. Kg3 Rc2 31. Nd7 e4 32. Rd4 f5 33. h4
Rc3+ 34. Kh2 Bf4+ 35. g3 Rxg3 36. Kh1 Rg1+ 37. Kxg1 Be3+ 38. Kf1 Bxd4 39. Nb8
Bf6 40. Nc6 Bxh4 41. Nd4 Kf7 42. Ne6 Kf6 43. Nf4 g5 44. Ne6 Ke5 45. Ng7 f4 0-1